000 03075nam0a2200433 4500
001 RU\NLR\BIBL_A\012863904
005 20250624185556.0
010 _a978-5-94396-238-7
_9300
021 _aRU
_b2022-35868
_9КН-П-3072
035 _a(RuMoRGB)011098691
035 _a(NLR Aleph) 012863904
090 _a12468190
_c12468190
100 _a20220810d2022 |||y0rusy50 ca
101 1 _arus
_cger
_clat
102 _aRU
105 _aah z 000zy
181 0 _ai
_baxxe
182 0 _an
200 1 _aDas Aceton
_eацетон (ацетонол), секретный "винный дух" адептов
_fК. А. Беккер
_gперевод с немецкого Г. А. Борисовой
_gпер. с лат., ред. и коммент. Ю. Ф. Родиченкова
_gпер. с нем. и лат., коммент. и ред. А. Тесман
_gпослесл. Б. К. Двинянинова
203 _aТекст
_bвизуальный
_cнепосредственный
210 _aСанкт-Петербург
_cАкадемия исследований культуры
_d2022
215 _a129, [1] с.
_cил., факс.
_d17
225 1 _aLibrarium Aureum
225 1 _aСерия "Librarium Aureum" (Opus Minus)
320 _aБиблиогр.: с. 129-130
320 _aБиблиогр. в подстроч. примеч.
330 _aТрактат Das Aceton Кристиана Августа Беккера, популярный в алхимических и розенкрейцерских кругах, вышел в свет в Германии в 1862 году и был переиздан пять лет спустя. Труд Беккера, титулованного практикующего врача и приверженца парацельсианских идей, считается наиболее полным из известных справочников по использованию ацетона в алхимии, большей частью он посвящен поиску Философского ацетона. Если химический ацетон представляет собой органическое соединение, простейший кетон; бесцветную, летучую и легковоспламеняющуюся жидкость, то Философский ацетон имеет сугубо алхимическое значение. Книга впервые публикуется на русском языке
333 _a16+
606 1 _aАлхимия
_jИсточники и источниковедение
_9937580
_3RU\NLR\AUTH\6627704
606 1 _aАцетон
_xПроизводство
_91071339
_3RU\NLR\AUTH\6698777
675 _a133.5:54
_v4
686 1 _aЭ391.4,1
686 1 _aЛ614.514
686 1 _aГ.г(0)41
700 1 _aБеккер
_bК. А.
_gКристиан Август
942 _cBOOK
980 _aNB